Southville International School and Colleges
Your cart is empty.
  • Cart
  • Lists
    Public lists Eva Luna New books Lux_list list_1
    Your lists Log in to create your own lists
  • Log in to your account
  • Your cookies
  • Search history
Southville International School and Colleges
  • Advanced search
  • Recent comments
  • Most popular
  • Libraries

Log in to your account

Log in with GOOGLE


If you do not have an external account, but do have a local account, you can still log in:

  1. Home
  2. MARC view: Whodunit math puzzles /
Normal view MARC view ISBD view

Whodunit math puzzles / (Record no. 8070)

[ view plain ]
MARC details
000 -LEADER
fixed length control field 01130cam a22003134a 4500
001 - CONTROL NUMBER
control field 12180377
003 - CONTROL NUMBER IDENTIFIER
control field OSt
005 - DATE AND TIME OF LATEST TRANSACTION
control field 20140310182007.0
008 - FIXED-LENGTH DATA ELEMENTS--GENERAL INFORMATION
fixed length control field 000921s2001 nyua 001 0 eng
010 ## - LIBRARY OF CONGRESS CONTROL NUMBER
LC control number 00048263
020 ## - INTERNATIONAL STANDARD BOOK NUMBER
International Standard Book Number 0439332117
040 ## - CATALOGING SOURCE
Original cataloging agency DLC
Transcribing agency DLC
Modifying agency DLC
042 ## - AUTHENTICATION CODE
Authentication code pcc
050 00 - LIBRARY OF CONGRESS CALL NUMBER
Classification number QA 95
Item number .W812 2001
082 00 - DEWEY DECIMAL CLASSIFICATION NUMBER
Classification number KF
Item number W75w 2001
100 1# - MAIN ENTRY--PERSONAL NAME
Personal name Wise, Bill,
Dates associated with a name 1958-
9 (RLIN) 5588
245 10 - TITLE STATEMENT
Title Whodunit math puzzles /
Statement of responsibility, etc Bill Wise ; illustrated by Lucy Corvino.
260 ## - PUBLICATION, DISTRIBUTION, ETC. (IMPRINT)
Place of publication, distribution, etc New York :
Name of publisher, distributor, etc Sterling Pub.,
Date of publication, distribution, etc c2001.
300 ## - PHYSICAL DESCRIPTION
Extent 96 p. :
Other physical details ill. ;
Dimensions 22 cm.
500 ## - GENERAL NOTE
General note Includes index.
541 ## - IMMEDIATE SOURCE OF ACQUISITION NOTE
-- 1
562 ## - COPY AND VERSION IDENTIFICATION NOTE
Number of copies For circulation. 1 copy available in the collection
650 #0 - SUBJECT ADDED ENTRY--TOPICAL TERM
Topical term or geographic name as entry element Mathematical recreations.
9 (RLIN) 741
700 1# - ADDED ENTRY--PERSONAL NAME
Personal name Corvino, Lucy,
Relator term ill.
9 (RLIN) 5589
856 42 - ELECTRONIC LOCATION AND ACCESS
Materials specified Publisher description
Uniform Resource Identifier <a href="http://www.loc.gov/catdir/description/ste021/00048263.html">http://www.loc.gov/catdir/description/ste021/00048263.html</a>
906 ## - LOCAL DATA ELEMENT F, LDF (RLIN)
a 7
b cbc
c orignew
d 1
e ocip
f 20
g y-gencatlg
942 ## - ADDED ENTRY ELEMENTS (KOHA)
Source of classification or shelving scheme Library of Congress Classification
Koha item type
Call number prefix
Holdings
Withdrawn status Lost status Source of classification or shelving scheme Damaged status Home library Current library Shelving location Date acquired Total Checkouts Full call number Barcode Date last seen Date checked out Copy number Price effective from Koha item type
    Library of Congress Classification   Luxembourg Library Luxembourg Library Kids Fiction Section 07/29/2013 1 QA 95 .W812 2001 14018 06/10/2017 08/11/2014 1 07/29/2013 Books

Whodunit math puzzles /

APA

Wise B., Corvino L., . (2001). Whodunit math puzzles. New York: Sterling Pub.

Chicago

Wise Bill, Corvino Lucy, . 2001. Whodunit math puzzles. New York: Sterling Pub.

Harvard

Wise B., Corvino L., . (2001). Whodunit math puzzles. New York: Sterling Pub.

MLA

Wise Bill, Corvino Lucy, . Whodunit math puzzles. New York: Sterling Pub. 2001.

  • Place hold
  • Print
  • Cite
  • Add to your cart (remove)
  • Save record
    BIBTEX Dublin Core MARCXML MARC (non-Unicode/MARC-8) MARC (Unicode/UTF-8) MARC (Unicode/UTF-8, Standard) MODS (XML) RIS
  • More searches
    Search for this title in:
    Other Libraries (WorldCat) Other Databases (Google Scholar) Online Stores (Bookfinder.com) Open Library (openlibrary.org)

Exporting to Dublin Core...

SOUTHVILLE LIBRARY

Southville International School and Colleges Library

1281 Tropical Ave. Cor. Luxembourg St., BF Homes International, Las Pinas City

Tel. No. 8256374 / 252358 Loc. 117/146

Powered by Koha